000 00465nam a2200169Ia 4500
999 _c14237
_d14237
003 OSt
005 20231006160212.0
008 190216s9999||||xx |||||||||||||| ||und||
040 _coclc
082 _a813.54
_bIYE/A
100 1 _aIyer, Pico
_95654
245 0 _aAbandon A Romance /
_cPico Iyer
260 _bViking Pub,
_c2003.
_anew york:
300 _a354p
650 _aEnglish General
942 _cBK
_2ddc
_h813.54
_iIYE/A
_k813.54
_mIYE/A